|
|
|
|
| LEADER |
00000nbm0a2200000 4500 |
| 001 |
41092 |
| 005 |
20231031013734.0 |
| 035 |
|
|
|a (RuTPU)RU\TPU\book\42161
|
| 090 |
|
|
|a 41092
|
| 100 |
|
|
|a 20020605j20020306k y0rusy50 ca
|
| 101 |
0 |
|
|a rus
|
| 102 |
|
|
|a RU
|
| 105 |
|
|
|a y m 001zy
|
| 200 |
1 |
|
|a Высокоиспользованные коллекторные электрические машины малой мощности
|e диссертация на соискание ученой степени доктора технических наук
|e 05.09.01
|f С. И. Качин
|g Томский политехнический университет ; науч. конс. Г. А. Сипайлов
|
| 210 |
|
|
|a Томск
|d 2002
|
| 215 |
|
|
|a 430 л.
|
| 229 |
|
|
|a Защищена 03.06.2002
|
| 320 |
|
|
|a Библиогр.: с. 397-420.
|
| 610 |
1 |
|
|a электрические машины
|
| 610 |
1 |
|
|a коллекторные машины
|
| 610 |
1 |
|
|a электрические свойства
|
| 610 |
1 |
|
|a коммутация
|
| 610 |
1 |
|
|a диссертации
|
| 610 |
1 |
|
|a труды учёных ТПУ
|
| 675 |
|
|
|a 621.313.36(04)
|v 3
|
| 686 |
|
|
|a 05.09.01
|2 oksvnk
|
| 700 |
|
1 |
|a Качин
|b С. И.
|c специалист в области электротехники
|c профессор Томского политехнического университета, доктор технических наук
|f 1954-
|g Сергей Ильич
|2 stltpush
|3 (RuTPU)RU\TPU\pers\26829
|
| 702 |
|
1 |
|a Сипайлов
|b Г. А.
|c специалист в области электромеханики
|c профессор Томского политехнического университета
|f 1920-2004
|g Геннадий Антонович
|2 stltpush
|3 (RuTPU)RU\TPU\pers\12400
|4 695
|
| 712 |
0 |
2 |
|a Томский политехнический университет
|2 stltpush
|3 (RuTPU)RU\TPU\col\376
|
| 801 |
|
1 |
|a RU
|b 63413507
|c 20020605
|g PSBO
|
| 801 |
|
2 |
|a RU
|b 63413507
|c 20230628
|g PSBO
|
| 942 |
|
|
|c BK
|